| 000 | 01220nam a2200217Ia 4500 | ||
|---|---|---|---|
| 003 | Ost | ||
| 005 | 20260416102359.0 | ||
| 008 | 260416s9999||||xx |||||||||||||| ||und|| | ||
| 040 | _cfsecg | ||
| 041 | _aara | ||
| 082 | _a657.45 | ||
| 100 |
_aكربوعة، أسماء _eمؤلف |
||
| 245 | 0 |
_a المراجعة المالية والمحاسبية : _bموجهة لطلبة السنة الثالثة LMD قسم العلوم التجارية / _c أسماء كربوعة |
|
| 260 |
_aالجزائر _bجامعة الجزائر3: كلية العلوم الإقتصادية، العلوم التجارية وعلوم التسيير _c2022 |
||
| 300 |
_a109 ورقة _bايضاحات _c30 سم |
||
| 504 | _aالمراجع ص.103 | ||
| 520 | _aالاطار التاريخي و النظري للمراجعة ، نظام الرقابة الداخلية ، مخاطر المراجعة و أدلة الاثبات ، تقرير المراجعة ، خطوات المراجعة الخارجية . | ||
| 653 | _aمراجعة الحسابات | ||
| 710 |
_aجامعة الجزائر3: كلية العلوم الإقتصادية، العلوم التجارية وعلوم التسيير _eناشر علمي |
||
| 942 | _cHANDOUT | ||
| 999 |
_c41345 _d41345 |
||